| 000 | 00808nam a2200265 i 4500 | ||
|---|---|---|---|
| 001 | 16663 | ||
| 003 | ES-MaACL | ||
| 005 | 20250824222444.0 | ||
| 007 | t| | ||
| 008 | 001020s1997 sp ||||0| spa j | ||
| 020 | _a84-7517-515-5 | ||
| 040 |
_aM-BN _bspa _cM-BN |
||
| 080 | _a821.112.2-4"18" | ||
| 100 | 1 |
_aHölderlin, Friedrich. _964001 |
|
| 245 | 1 | 0 |
_aEnsayos / _cFriedrich Hölderlin ; traducción, presentación y notas de Felipe Martínez Marzoa. |
| 250 | _a4ª ed. | ||
| 260 |
_aMadrid : _bHiperión, _c[1997] |
||
| 300 |
_a179 p. : _b1 retr. ; _c20 cm. |
||
| 490 | 1 |
_aLibros Hiperión ; _v8 |
|
| 700 | 1 |
_aMartínez Marzoa, Felipe. _978215 |
|
| 830 | 0 | 0 |
_aLibros Hiperión _v8 _9178016 |
| 852 |
_aES-MaACL _jL-23696 _bR.128873 |
||
| 999 |
_c16663 _d16663 |
||